00348nam a2200145Ia 450000500170000000800410001702000150005804000190007304100120009208200160010424500280012026000320014830000120018085000100019220230405114659.0131103s9999 xx 000 0 und d a85052140 9 aLoreto College aEnglish a823.08bBES 4aThe best horror stories aLondonbPeerage Booksc1990 a398 p.  aLCLIB